Statistics for guess the dart train end station

Click here to take the quiz!

General Stats

  • This quiz has been taken 3 times
  • The average score is 6 of 8

Answer Stats

HintAnswer% Correct
green line, starts with a bBuckner
100%
orange line, there is a skylinkDFW
100%
green line, you can catch the a-trainNorth Carrollton
100%
red line, one of the most common in videosParker Road
100%
blue line, the last station is garlandRowlett
67%
university of north texasUNT
67%
red line, is in oak cliffWestmoreland
67%
blue line, is now 2 stations from RowlettLedbetter
33%

Score Distribution

Percentile by Number Answered

Percent of People with Each Score

Your Score History

You have not taken this quiz